ბათუმის შოთა რუსთაველის სახელმწიფო უნივერსიტეტის ბიბლიოთეკა

Handbook of Career Studies (ბიბ.ჩანაწერი № 51436)

000 -LEADER
fixed length control field 00551nam a2200217Ia 4500
001 - CONTROL NUMBER
control field 18422
003 - CONTROL NUMBER IDENTIFIER
control field GE_BSU
008 - FIXED-LENGTH DATA ELEMENTS--GENERAL INFORMATION
fixed length control field 181216s||||||||xx |||||||||||||| ||und||
020 ## - INTERNATIONAL STANDARD BOOK NUMBER
International Standard Book Number 9780761930396
040 ## - CATALOGING SOURCE
Transcribing agency GE_BSU
080 ## - UNIVERSAL DECIMAL CLASSIFICATION NUMBER
Universal Decimal Classification number 331.105.44
245 ## - TITLE STATEMENT
Title Handbook of Career Studies
245 ## - TITLE STATEMENT
Statement of responsibility, etc. Edited by Hugh Gunz, Peiperl Maury
260 ## - PUBLICATION, DISTRIBUTION, ETC.
Place of publication, distribution, etc. Los Angeles
260 ## - PUBLICATION, DISTRIBUTION, ETC.
Name of publisher, distributor, etc. Sage
260 ## - PUBLICATION, DISTRIBUTION, ETC.
Date of publication, distribution, etc. 2007
300 ## - PHYSICAL DESCRIPTION
Extent 629 p. 26 cm.
653 ## - INDEX TERM--UNCONTROLLED
Uncontrolled term Handbook of Career Studies
653 ## - INDEX TERM--UNCONTROLLED
Uncontrolled term შრომის ორგანიზაცია
942 ## - ADDED ENTRY ELEMENTS (KOHA)
Koha item type წიგნი
ეგზემპლარები
Withdrawn status Lost status Damaged status Not for loan Date acquired Barcode Date last seen Price effective from Koha item type
        2018-12-17 47250 2018-12-17 2018-12-17 წიგნი